000 00476nam a2200157 i 4500
001 81411
003 ES-MaACL
005 20230906174430.0
007 t|
008 041104s1980 zzz ||||1| spa d
100 1 _aHsiang, Nai-Kuang.
_964457
245 1 0 _aDemoler las maniobras del Frente Unido de los comunistas chinos /
_cNai-Kuang Hsiang.
260 _a[S.l.] :
_bLiga Mundial Anticomunista,
_c1980.
300 _a24 p. ;
_c19 cm.
852 _aES-MaACL
_j2111-F-8
_bR.100655
999 _c81411
_d81411